Guess The Scandinavian Version Of Flags 1# - Statistics

General Stats
  • This quiz has been taken 39 times
  • The average score is 14 of 16
Answer Stats
Picture Answer % Correct
Canada
97%
Spain
97%
Germany
94%
Iraq
91%
Netherlands
91%
Romania
91%
Azerbaijan
88%
Cambodia
88%
Estonia
88%
Ivory Coast
88%
Nigeria
84%
Guatemala
81%
Bahamas
75%
Cameroon
75%
Botswana
72%
Laos
72%
No matching quizzes found
Score Distribution
Percent of People with Each Score
Percentile by Number Answered
Your Score History
You have not taken this quiz